Proces analysis - the proposal of method for evaluation of the efectivenesses of the use of structural supports at the regional level
Rozvoj regiónov a postupné vyrovnávanie ich ekonomickej a sociálnej úrovne patrí k základným prioritám rozvojovej stratégie EÚ. K naplňovaniu tohto cieľa slúžia, okrem iného, štrukturálne podpory. Návrh metodiky (procesnej analýzy), ktorá by jednoduchým a transparentným spôsobom mohla umožniť monito...
Gespeichert in:
| 1. Verfasser: | |
|---|---|
| Weitere Verfasser: | |
| Format: | Buchkapitel |
| Sprache: | Englisch |
| Schlagworte: | |
| Tags: |
Keine Tags, Fügen Sie das erste Tag hinzu!
|
MARC
| LEADER | 00000naa$a2200000$$$4500 | ||
|---|---|---|---|
| 001 | 0052953 | ||
| 005 | 20231114071729.4 | ||
| 041 | 0 | |a eng | |
| 044 | |a CZ | ||
| 245 | 1 | 0 | |a Proces analysis - the proposal of method for evaluation of the efectivenesses of the use of structural supports at the regional level |c Ivana Boháčková, Magdalena Hrabánková |
| 520 | |a Rozvoj regiónov a postupné vyrovnávanie ich ekonomickej a sociálnej úrovne patrí k základným prioritám rozvojovej stratégie EÚ. K naplňovaniu tohto cieľa slúžia, okrem iného, štrukturálne podpory. Návrh metodiky (procesnej analýzy), ktorá by jednoduchým a transparentným spôsobom mohla umožniť monitoring a priebežné a konečné hodnotenie efektov, ktoré aplikáciou štrukturálnych podpôr vznikli. | ||
| 610 | 2 | 0 | |a rozvoj regionálny |
| 610 | 2 | 0 | |a podpora podnikania |
| 610 | 2 | 0 | |a fondy štruktúrne |
| 610 | 2 | 0 | |a efektívnosť |
| 610 | 2 | 0 | |a Európska únia |
| 610 | 2 | 0 | |a analýzy |
| 100 | 1 | |a Boháčková, Ivana | |
| 700 | 1 | |a Hrabánková, Magdalena | |